Улсын нэр томъёоны комиссын мэдээ (Бичлэгийн дугаар. 7720)

MARC дэлгэрэнгүй
000 -Удирдлага
Ном зүйн бүртгэл тоо буюу кодлох утгыг агуулсан 00949 a2200253 4500
003 - ХЯНАЛТЫН ТОО ТОДОРХОЙЛОГЧ
Код MN-UlNLM
005 - ХАМГИЙН СҮҮЛИЙН ҮЕИЙН ХЭЛЦЛИЙН ОГНОО БА ЦАГ
Тухайн бичилтийг бичсэн засварласан сүүлийн огноо. 20230127163028.0
008 - ЕРӨНХИЙ МЭДЭЭЛЭЛ-ЭЛЕМЕНТҮҮДИЙН ӨГӨГДЛИЙН УРТ
fixed length control field a130s1966 mp ||||| |||| 00| 0mon
040 ## - ЭХ СУРВАЛЖИЙГ ТОДОРХОЙЛОН БИЧИХ
Анхны каталогийн байгууллага Монгол Улсын Үндэсний номын сан
041 ## - ХЭЛНИЙ КОД
Текстийн хэлний код/фонограм буюу салангид гарчиг Монгол
084 ## - БУСАД АНГИЛЛЫН ДУГААР
Анги 413Орос
Ангиллын нэр Аравтын ангилал
Зохиогчийн 3-н тэмдэгт У 315
Шинжлэх ухааны мэдлэгийн салбар Хэл шинжлэл - 80
110 ## - ДЭЭД ГАРЧГИЙН МЭДЭЭ
Эрхлэн гаргасан байгууллагын нэр БНМАУ-ын шинжлэх ухааны хүрээлэн
245 0# - ҮНДСЭН ГАРЧИГ
Гарчиг Улсын нэр томъёоны комиссын мэдээ
250 ## - ХЭВЛЭЛТИЙН ТУХАЙ МЭДЭЭ
Дахин хэвлэлтийн мэдээ 1
260 1# - ГАРАЛТЫН ТУХАЙ МЭДЭЭ
Хэвлэгдсэн газар УБ
Хэвлэлийн газар ШУАХ
Хэвлэгдсэн он 1966
300 ## - ТООНЫ МЭДЭЭ
Хуудасны тоо 71х
490 ## - БОТИЙН/ЦУВРАЛЫН ТУХАЙ МЭДЭЭ
Ботийн/Цувралын нэр Анагаах ухааны эх барих, эмэгтэйчүүдийн судлалын нэр томъёоны үргэлжлэл
Ботийн/Цувралын дугаар №64- 65
546 ## - ХЭЛНИЙ ТУХАЙ МЭДЭЭ
Хэл
653 ## - ТҮЛХҮҮР ҮГС
Түлхүүр үг Хэл шинжлэл
-- Анагаах ухааны эх барих, эмэгтэйчүүдийн судлалын нэр томъёо
740 ## - НОМЫН АГУУЛГЫН ГАРЧИГ
Номын гарчгууд А-Я.
856 ## - ЭЛЕКТРОН БАЙРЛАЛ БА ХОЛБООС
Төрөл Хэвлэмэл ном
942 ## - ЭЛЕМЕНТИЙН ТӨРӨЛ
Төрөл Ном
Захиалгууд
Буцаан татагдсан төлөв Хасагдсан шалтгаан Гэмтсэн төлөв Данс заагч Захиалах боломжгүй Үндсэн номын сан Одоогийн байршил Салбар танхим Сан хөмрөг 5 Бүртгэсэн огноо Тавиурын заалт Баркод Үнэ Хамгийн сүүлд байсан огноо Нийт уншлаганд гарсан тоо Төрөл Хамгийн сүүлд уншлаганд гарсан огноо Бүрдүүлэлтийн эх үүсвэр
          МУҮНомын сан салбар МУҮНомын сан салбар МУҮНС салбар | Язгуур танхим 8 давхар МУҮНС салбар | Язгуур танхим 8 давхар 2021-09-01 108522 00108522 2.90 2021-09-01   Ном    
          МУҮНомын сан салбар МУҮНомын сан салбар МУҮНС салбар | Язгуур танхим 8 давхар МУҮНС салбар | Язгуур танхим 8 давхар 2021-09-01 108524 00108524 2.90 2021-09-01   Ном    
          МУҮндэсний Номын сан МУҮндэсний Номын сан МУҮНС төв | Ойр фонд МУҮНС төв | Ойр фонд 2021-09-23 108515 00108515 2.90 2021-09-23   Ном    
          МУҮНомын сан салбар МУҮндэсний Номын сан МУҮНС салбар | Язгуур танхим 8 давхар МУҮНС салбар | Язгуур танхим 8 давхар 2021-09-01 108521 00108521 2.90 2024-09-12 1 Ном 2024-09-09  
          МУҮндэсний Номын сан МУҮндэсний Номын сан МУҮНС төв | Үлдэх нөөц МУҮНС төв | Үлдэх нөөц 2021-09-23 108514 00108514 2.90 2021-09-23   Ном    
          МУҮндэсний Номын сан МУҮндэсний Номын сан МУҮНС төв | Үлдэх нөөц МУҮНС төв | Үлдэх нөөц 2021-09-23 108518 00108518 2.90 2021-09-23   Ном    
        Албан хэрэгцээнд МУҮндэсний Номын сан МУҮндэсний Номын сан МУҮНС төв | Архив фонд төв байр МУҮНС төв | Архив фонд төв байр 2020-08-17 4698 003110004698 2.90 2020-08-17   Ном   Бэлэг, хандив